000 01517pab a2200193 454500
008 180718b2008 xxu||||| |||| 00| 0 eng d
100 _aSingh, Shiv Raj
245 _aThe dynamics of public private partnership for socio-economic development
260 _c2008
300 _ap.605-618.
362 _aJul-Sep
520 _aIn this article, the authors have outlined the concept of PPP and its emerging need in the provision of basic public services and socio-economic infrastructure. While discussing the dynamics of PPP for social development, the UN Millennium Development Goals, social indicators in India and the concept of corporate social responsibility, etc. have been discussed. As for the dynamics of PPP for economic development, the present scenario of existing infrastructure gap, various PPP arrangements and the process management of PPP projects etc. have been discussed. The article also highlights in the institutional framework of various modes of PPP as also the progress achieved by various states of India in the implementation of PPP till date. It concludes with the observation that PPP has become the need of the hour for a resource crunch and progressively developing nation like India, especially to cater to the needs of socio-economic development of its citizens. - Reproduced.
650 _aEconomic and social development
650 _aPublic private partnership
700 _aJain, Aarushi
773 _aIndian Journal of Public Administration
908 _aN
909 _a79878
999 _c79878
_d79878